1770 1391 1299 1660 1378 1751 1484 1213 1503 1633 1781 1909 1490 1955 1491 1754 1026 1637 1961 1950 1843 1525 1671 1244 1505 1318 1791 1463 1608 1509 1988 1359 1407 1338 1292 1707 1990 1461 1970 1834 1582 1761 1378 1653 1641 1084 1423 1642 1440 1198 1268 1868 1135 1918 1034 1580 1903 1989 1564 1266 1803 1833 1796 1056 1455 1968 1158 1982 1163 1399 1650 1814 1319 1833 1444 1088 1450 1473 1396 1481 1784 1575 1284 1236 1455 1646 1614 1656 1263 1817 1587 1955 1826 1283 1958 1072 1214 1683 1204 BCNSPRNW ULIB Ver.6.0+V

เปลี่ยนเป็นภาษาไทย

Change to English
 แสดงรายละเอียดบรรณานุกรม
  กลับหน้าหลัก

Brief Record : Get Marc (ISO 2709) : E-mail record : QR code < ปิดหน้าต่าง
LEADER : 00000nam 2200000uu 4500
001    13399112459
003     ULIB
008    110816s2545||||th 000 0 tha d
020    9745153184
040    bpt
050  4 HN700.55.C6^bส759ร 2545
100 0  สุชาดา ยงเกียรติตระกูล
245 10 รวมมิตรชุมชนประชาคมท้องถิ่น :^bยุทธศาสตร์เพื่อการพัฒนาในระดับฐานราก /^cผู้เขียน/เรียบเรียง สุชาดา ยงเกียรติตระกูล ; บรรณาธิการ ยุวดี คาดการณ์ไกล
250    พิมพ์ครั้งที่ 2
260    นนทบุรี :^bโครงการตำรา สำนักงานวิชาการ กรมอนามัย,^c2545
300    xiii, 191 หน้า :^bภาพประกอบ ;^c21 ซม.
650  4 การพัฒนาเศรษฐกิจ^xแง่สังคม
650  4 การพัฒนาชุมชน^zไทย
650  4 ไทย^xภาวะเศรษฐกิจ
700 0  ยุวดี คาดการณ์ไกล,^eบรรณาธิการ
710 2  กรมอนามัย. ^bสำนักงานวิชาการ. ^bโครงการตำรา
945    ^p0^l0^i015474
995    ทศพร
999 ^a ทศพร
รายการนี้ยังไม่มีแท็ก
คุณยังไม่ได้ล็อกอิน คุณสามารถมีกิจกรรมร่วมกับเว็บไซต์ได้ แต่ต้องล็อกอินก่อน ::
  ล็อกอิน

รายการสื่อสารสนเทศ

ลำดับที่ ประเภท เลขเรียก/บาร์โค้ด สถานที่ สถานะ
- ไม่พบข้อมูล -

BibComment


ยังไม่เคยถูกคอมเมนท์

คอมเมนท์ทรัพยากรรายการนี้
  คอมเมนท์: รวมมิตรชุมชนประชา..


 Copyright 2026. Bcnsprnw @Library